Amorphous Drugs Benefits and Challenges /

This book explains theoretical and technological aspects of amorphous drug formulations. It is intended for all those wishing to increase their knowledge in the field of amorphous pharmaceuticals. Conversion of crystalline material into the amorphous state, as described in this book, is a way to ove...

Celý popis

Uloženo v:
Podrobná bibliografie
Hlavní autor: Rams-Baron, Marzena (Autor)
Médium: Elektronický zdroj E-kniha
Jazyk:angličtina
Vydáno: Cham : Springer International Publishing, 2018.
Vydání:1st ed. 2018.
Témata:
ISBN:9783319720029
On-line přístup: Získat plný text
Tagy: Přidat tag
Žádné tagy, Buďte první, kdo vytvoří štítek k tomuto záznamu!

MARC

LEADER 00000nam a22000005i 4500
003 SK-BrCVT
005 20220618115115.0
007 cr nn 008mamaa
008 180209s2018 gw | s |||| 0|eng d
020 |a 9783319720029 
024 7 |a 10.1007/978-3-319-72002-9  |2 doi 
035 |a CVTIDW06802 
040 |a Springer-Nature  |b eng  |c CVTISR  |e AACR2 
041 |a eng 
100 1 |a Rams-Baron, Marzena.  |4 aut 
245 1 0 |a Amorphous Drugs  |h [electronic resource] :  |b Benefits and Challenges /  |c by Marzena Rams-Baron, Renata Jachowicz, Elena Boldyreva, Deliang Zhou, Witold Jamroz, Marian Paluch. 
250 |a 1st ed. 2018. 
260 1 |a Cham :  |b Springer International Publishing,  |c 2018. 
300 |a IX, 230 p. 69 illus., 48 illus. in color.  |b online resource. 
500 |a Chemistry and Materials Science  
505 0 |a Why amorphous drugs? -- Order vs. disorder in the solid state -- Amorphous drug solubility and absorption enhancement -- Amorphous drug preparation methods -- Physical instability - a key problem of amorphous drugs -- Amorphous drug formulation. 
516 |a text file PDF 
520 |a This book explains theoretical and technological aspects of amorphous drug formulations. It is intended for all those wishing to increase their knowledge in the field of amorphous pharmaceuticals. Conversion of crystalline material into the amorphous state, as described in this book, is a way to overcome limited water solubility of drug formulations, in this way enhancing the chemical activity and bioavailability inside the body. Written by experts from various fields and backgrounds, the book introduces to fundamental physical aspects (explaining differences between the ordered and the disordered solid states, the enhancement of solubility resulting from drugs amorphization, physical instability and how it can be overcome) as well as preparation and formulation procedures to produce and stabilize amorphous pharmaceuticals. Readers will thus gain a well-funded understanding and find a multi-faceted discussion of the properties and advantages of amorphous drugs and of the challenges in producing and stabilizing them. The book is an ideal source of information for researchers and students as well as professionals engaged in research and development of amorphous pharmaceutical products. . 
650 0 |a Medicinal chemistry. 
650 0 |a Pharmaceutical technology. 
650 0 |a Phase transitions (Statistical physics). 
650 0 |a Thermodynamics. 
650 0 |a Ceramics. 
650 0 |a Glass. 
650 0 |a Composites (Materials). 
650 0 |a Composite materials. 
650 0 |a Biomedical engineering. 
856 4 0 |u http://hanproxy.cvtisr.sk/han/cvti-ebook-springer-eisbn-978-3-319-72002-9  |y Vzdialený prístup pre registrovaných používateľov 
910 |b ZE04082 
919 |a 978-3-319-72002-9 
974 |a andrea.lebedova  |f Elektronické zdroje 
992 |a SUD 
999 |c 272627  |d 272627